Statistics for Top 10 Northernmost-Based MLB Teams

Click here to take the quiz!

General Stats

  • This quiz has been taken 30 times
  • The average score is 9 of 10

Answer Stats

LatitudeTeamDivision% Correct
45.0°Minnesota TwinsAL Central
100%
47.6°Seattle MarinersAL West
100%
43.6°Toronto Blue JaysAL East
96%
42.3°Boston Red SoxAL East
88%
43.0°Milwaukee BrewersNL Central
88%
40.8°New York YankeesAL East
85%
41.9°Chicago CubsNL Central
81%
41.8°Chicago White SoxAL Central
81%
41.5°Cleveland GuardiansAL Central
81%
42.3°Detroit TigersAL Central
81%

Score Distribution

Percentile by Number Answered

Percent of People with Each Score

Your Score History

You have not taken this quiz